000 00708nam a22002177a 4500
005 20131220111634.0
010 _aENG-108894
020 _a9789381142929
_c725.00
035 _aEN-92427
037 _bDBAD/PUB
082 _a320.91724
100 _aSharma, Ram
245 _aNationalist thought and the colonial world /
_cby Ram Sharma, Gunjan Agarwal [and] Archana Sharma
260 _aNew Delhi
_bManglam Publications
_c2013
270 _aK-129 Gali No. 3 Near Shiv Om Jwelers 3-1/2 Pusta Gautam Vihar
_bNew Delhi
_e110053
300 _a213p.
_c22cm(Hb)
500 _aIncludes index
700 _aAgarwal, Gunjan
700 _aSharma, Archana
942 _2ddc
_cEN
_mSHA
_h320.91724
999 _c81243
_d81243